[Event "34. Copenhagen Open (Politiken Cup)"]
[Site "Elsinore"]
[Date "2012.07.30"]
[Round "4"]
[White "Nielsen, Palle"]
[Black "Justinussen, Sigurd B"]
[Result "0-1"]
[WhiteElo "1774"]
[BlackElo "1952"]
[PlyCount "110"]
[EventDate "2012.07.28"]
[EventType "swiss"]
[EventRounds "10"]
[EventCountry "DEN"]
[Source "ChessBase"]
[SourceDate "2012.08.24"]

1. e4 c5 2. Nf3 d6 3. Nc3 Nf6 4. d4 cxd4 5. Nxd4 a6 6. Bg5 e6 7. Nb3 Be7 8. Bd3
Nc6 9. O-O O-O 10. Qd2 Qc7 11. Rad1 Rd8 12. Bxf6 Bxf6 13. f4 Ne7 14. Kh1 Ng6
15. Ne2 Bd7 16. c3 Rac8 17. Bb1 Bc6 18. Nbd4 e5 19. Nxc6 bxc6 20. f5 Nf8 21.
Ng3 Qe7 22. Qe2 a5 23. Nh5 h6 24. Rf3 Nh7 25. Rg3 Kh8 26. Bc2 Rg8 27. Bb3 Bg5
28. Rgd3 Rgd8 29. Qf3 d5 30. Qe2 g6 31. Ng3 Bf4 32. fxg6 fxg6 33. exd5 cxd5 34.
Rxd5 Rf8 35. Ne4 Nf6 36. Nxf6 Qxf6 37. g3 Bg5 38. Qxe5 Qxe5 39. Rxe5 Rf2 40.
Rxa5 Rxb2 41. Rd7 Re8 42. Rd1 Bf6 43. Ra6 Bxc3 44. Rxg6 Bg7 45. Re6 Rf8 46. Rc6
Rff2 47. Rc8+ Kh7 48. Bd5 Rxh2+ 49. Kg1 Rhe2 50. Kf1 Rf2+ 51. Kg1 Rfe2 52. Kf1
Be5 53. Re1 Rf2+ 54. Kg1 Bd4 55. Re7+ Rf7+ 0-1

[Event "34. Copenhagen Open (Politiken Cup)"]
[Site "Elsinore"]
[Date "2012.07.30"]
[Round "4"]
[White "Nielsen, Rogvi Egilstoft"]
[Black "L'Ami, Alina"]
[Result "0-1"]
[WhiteElo "2203"]
[BlackElo "2372"]
[PlyCount "62"]
[EventDate "2012.07.28"]
[EventType "swiss"]
[EventRounds "10"]
[EventCountry "DEN"]
[Source "ChessBase"]
[SourceDate "2012.08.24"]

1. e4 c5 2. Nf3 d6 3. c3 Nf6 4. Be2 g6 5. O-O Bg7 6. Re1 O-O 7. Bf1 Nc6 8. d4
cxd4 9. cxd4 Bg4 10. d5 Ne5 11. Qb3 Bxf3 12. gxf3 a5 13. Kg2 a4 14. Qe3 e6 15.
dxe6 fxe6 16. f4 Nc6 17. Nc3 d5 18. Qh3 d4 19. Qxe6+ Kh8 20. Nb5 Re8 21. Qd6
Qa5 22. Rd1 Nxe4 23. Qa3 Nb4 24. Qh3 Nc2 25. Rb1 Ne1+ 26. Kg1 d3 27. Be3 d2 28.
f3 Ng5 29. fxg5 Rxe3 30. Nc3 Rxf3 31. Qg4 Qc5+ 0-1

[Event "34. Copenhagen Open (Politiken Cup)"]
[Site "Elsinore"]
[Date "2012.07.30"]
[Round "4"]
[White "Nordin, Eric"]
[Black "Pedersen, Carl Aage"]
[Result "1-0"]
[WhiteElo "1906"]
[BlackElo "1739"]
[PlyCount "45"]
[EventDate "2012.07.28"]
[EventType "swiss"]
[EventRounds "10"]
[EventCountry "DEN"]
[Source "ChessBase"]
[SourceDate "2012.08.24"]

1. e4 c5 2. Nc3 d6 3. f4 g6 4. Nf3 Bg7 5. Bc4 e6 6. O-O Ne7 7. Qe1 Nec6 8. f5
O-O 9. d3 Nd4 10. fxg6 Nxf3+ 11. Rxf3 fxg6 12. Rxf8+ Qxf8 13. Nb5 Na6 14. Qg3
Be5 15. Qh3 Qe7 16. Bh6 Bd7 17. a4 Bxb2 18. Rf1 Be5 19. Qg4 Re8 20. h4 Bg7 21.
Bg5 Bxb5 22. Bxe7 Bxc4 23. Bf6 1-0

[Event "34. Copenhagen Open (Politiken Cup)"]
[Site "Elsinore"]
[Date "2012.07.30"]
[Round "4"]
[White "Nordstrom, Hakon N"]
[Black "Bennion, David"]
[Result "1/2-1/2"]
[WhiteElo "1776"]
[BlackElo "2007"]
[PlyCount "77"]
[EventDate "2012.07.28"]
[EventType "swiss"]
[EventRounds "10"]
[EventCountry "DEN"]
[Source "ChessBase"]
[SourceDate "2012.08.24"]

1. e4 e5 2. Nf3 Nc6 3. d4 exd4 4. Bc4 d6 5. c3 Ne5 6. cxd4 Nxc4 7. Qa4+ Bd7 8.
Qxc4 b5 9. Qb3 Be7 10. Nc3 Qb8 11. Bd2 Nf6 12. Ng5 O-O 13. e5 dxe5 14. dxe5 Ng4
15. e6 Qb6 16. exf7+ Kh8 17. O-O Qd6 18. Nf3 Bc6 19. Nxb5 Qd7 20. Nbd4 Bd5 21.
Qc3 Rxf7 22. h3 c5 23. hxg4 Qxg4 24. Nc2 Rxf3 25. Qe5 Be4 26. Qxe7 Bxc2 27.
Qxc5 Bd3 28. Qg5 Qxg5 29. Bxg5 Bxf1 30. gxf3 Be2 31. Rc1 Bxf3 32. Rc7 a6 33.
Bd2 h5 34. Bc3 Rg8 35. b4 Kh7 36. a4 h4 37. b5 axb5 38. axb5 Rd8 39. Rxg7+
1/2-1/2

[Event "34. Copenhagen Open (Politiken Cup)"]
[Site "Elsinore"]
[Date "2012.07.30"]
[Round "4"]
[White "Olsen, Karsten Kierkegaard"]
[Black "Jensen, John Klaus"]
[Result "1/2-1/2"]
[WhiteElo "1618"]
[BlackElo "1874"]
[PlyCount "47"]
[EventDate "2012.07.28"]
[EventType "swiss"]
[EventRounds "10"]
[EventCountry "DEN"]
[Source "ChessBase"]
[SourceDate "2012.08.24"]

1. e4 Nc6 2. d4 d5 3. e5 Bf5 4. Bb5 e6 5. c3 Nge7 6. Nf3 a6 7. Bd3 Bxd3 8. Qxd3
h6 9. Nbd2 g5 10. Nf1 Ng6 11. g4 Be7 12. Ng3 Rg8 13. Nh5 Qd7 14. h3 O-O-O 15.
Be3 Rdf8 16. Nd2 f6 17. f4 gxf4 18. Nxf4 Nxf4 19. Bxf4 fxe5 20. Bxe5 Bh4+ 21.
Bg3 Bxg3+ 22. Qxg3 e5 23. Qd3 e4 24. Qe3 1/2-1/2

[Event "34. Copenhagen Open (Politiken Cup)"]
[Site "Elsinore"]
[Date "2012.07.30"]
[Round "4"]
[White "Percivaldi, Martin"]
[Black "Aartun, Magnus"]
[Result "1-0"]
[WhiteElo "2015"]
[BlackElo "1800"]
[PlyCount "113"]
[EventDate "2012.07.28"]
[EventType "swiss"]
[EventRounds "10"]
[EventCountry "DEN"]
[Source "ChessBase"]
[SourceDate "2012.08.24"]

1. d4 Nf6 2. c4 e6 3. g3 d5 4. Nf3 Bd6 5. Bg2 c6 6. O-O Nbd7 7. Nbd2 O-O 8. Qc2
b6 9. b3 Bb7 10. Bb2 Rc8 11. Rac1 Re8 12. e3 Ba6 13. Rfe1 Qe7 14. e4 Ba3 15. e5
Bxb2 16. exf6 Qa3 17. Rb1 dxc4 18. bxc4 Bxd4 19. Nxd4 Nxf6 20. Nxc6 Qc5 21. Ne5
b5 22. Nb3 Qc7 23. c5 Bb7 24. c6 Nd5 25. Qc5 Ba6 26. Qa3 f6 27. Qxa6 fxe5 28.
Rbd1 Qxc6 29. Qxc6 Rxc6 30. Bxd5 exd5 31. Rxd5 e4 32. Rxb5 Rc2 33. Ra5 Rf8 34.
Rf1 Rf7 35. Nd4 Rd2 36. Nc6 Rc7 37. Nb4 Re7 38. a3 h6 39. Rd5 Rb2 40. Rd8+ Kh7
41. Rfd1 e3 42. fxe3 Rxe3 43. R8d2 Rxd2 44. Rxd2 Rxa3 45. Kg2 Kg6 46. Rd7 Ra4
47. Nc6 Ra2+ 48. Kh3 a6 49. Nb4 Ra4 50. Rd6+ Kh5 51. Nxa6 Ra3 52. Nc5 g5 53.
Ne4 g4+ 54. Kg2 Ra2+ 55. Rd2 Ra5 56. Nf6+ Kg5 57. Rd5+ 1-0

[Event "34. Copenhagen Open (Politiken Cup)"]
[Site "Elsinore"]
[Date "2012.07.30"]
[Round "4"]
[White "Petersen, Tom Petri"]
[Black "Elenius, Erik"]
[Result "1-0"]
[WhiteElo "2360"]
[BlackElo "2069"]
[PlyCount "149"]
[EventDate "2012.07.28"]
[EventType "swiss"]
[EventRounds "10"]
[EventCountry "DEN"]
[Source "ChessBase"]
[SourceDate "2012.08.24"]

1. c4 Nf6 2. g3 g6 3. Bg2 Bg7 4. Nc3 d6 5. e4 c5 6. Nge2 Nc6 7. O-O O-O 8. d3
Ne8 9. Be3 Nc7 10. d4 cxd4 11. Nxd4 Ne6 12. Nxe6 Bxe6 13. Nd5 b6 14. Qd2 Rc8
15. Rac1 Ne5 16. b3 Bh3 17. a4 Re8 18. f4 Bxg2 19. Kxg2 Nd7 20. Bd4 e6 21. Bxg7
exd5 22. Bb2 Rxe4 23. Qxd5 Qe7 24. Rf2 Re8 25. Be5 Nf6 26. Qxd6 Qb7 27. Qc7 Qa8
28. Kh3 Rc8 29. Qe7 Ng4 30. Kxg4 Re8 31. Qf6 R8xe5 32. Qxe5 Qc8+ 33. Kf3 Rxe5
34. fxe5 Qf5+ 35. Kg2 Qxe5 36. b4 h5 37. c5 bxc5 38. bxc5 Qe4+ 39. Kg1 Qe3 40.
Rcc2 h4 41. gxh4 Qe1+ 42. Kg2 Qe4+ 43. Kf1 Qh1+ 44. Ke2 Qe4+ 45. Kd1 Qd3+ 46.
Kc1 Qa3+ 47. Kd2 Qb4+ 48. Ke3 Qxh4 49. c6 Qe7+ 50. Kf3 Qf6+ 51. Kg2 Qg5+ 52.
Kf1 Qd5 53. h3 Qh1+ 54. Ke2 Qe4+ 55. Kd1 Qd4+ 56. Ke1 Qe3+ 57. Kd1 Qd4+ 58.
Rfd2 Qg1+ 59. Ke2 Qg2+ 60. Ke3 Qxh3+ 61. Kd4 Qg4+ 62. Kc5 Qf5+ 63. Kd6 Qf4+ 64.
Kd7 Qxa4 65. Kc8 Qa6+ 66. Kd8 Qa5+ 67. c7 Qg5+ 68. Kd7 Qf5+ 69. Kc6 Qe4+ 70.
Kd7 Qf5+ 71. Kd8 Qf6+ 72. Kc8 a5 73. Kb7 Qf3+ 74. Rc6 Qb3+ 75. Ka8 1-0

[Event "34. Copenhagen Open (Politiken Cup)"]
[Site "Elsinore"]
[Date "2012.07.30"]
[Round "4"]
[White "Popovic, Dusan"]
[Black "Blomqvist, Erik"]
[Result "1-0"]
[WhiteElo "2579"]
[BlackElo "2457"]
[PlyCount "85"]
[EventDate "2012.07.28"]
[EventType "swiss"]
[EventRounds "10"]
[EventCountry "DEN"]
[Source "ChessBase"]
[SourceDate "2012.08.24"]

1. e4 c5 2. Ne2 e6 3. g3 d5 4. Bg2 dxe4 5. Nbc3 Bd7 6. Nxe4 Bc6 7. O-O Nf6 8.
d3 Be7 9. N2c3 O-O 10. Qe2 Nd5 11. Rd1 Nd7 12. Nb1 Rc8 13. c4 Nc7 14. f4 Re8
15. Be3 f5 16. Nec3 Bf6 17. Bxc6 bxc6 18. Qf3 e5 19. Nd2 exf4 20. Bxf4 Ne6 21.
Nb3 Nd4 22. Nxd4 cxd4 23. Na4 g6 24. Re1 Kf7 25. b4 h5 26. Kf1 Be5 27. Nc5 Bxf4
28. Qxf4 Nxc5 29. bxc5 Qf6 30. Rab1 Rxe1+ 31. Rxe1 g5 32. Qd6 Rd8 33. Qc7+ Kg6
34. Re7 f4 35. g4 Rf8 36. Qd7 Rf7 37. gxh5+ Kg7 38. h6+ Kg6 39. Rxf7 Qxf7 40.
Qxc6+ Kh5 41. Qd5 Qe7 42. h4 Kxh4 43. h7 1-0

[Event "34. Copenhagen Open (Politiken Cup)"]
[Site "Elsinore"]
[Date "2012.07.30"]
[Round "4"]
[White "Rasmussen, Henning Lau"]
[Black "Carnstam, Tomas"]
[Result "0-1"]
[WhiteElo "1789"]
[BlackElo "2060"]
[PlyCount "48"]
[EventDate "2012.07.28"]
[EventType "swiss"]
[EventRounds "10"]
[EventCountry "DEN"]
[Source "ChessBase"]
[SourceDate "2012.08.24"]

1. f4 b6 2. Nf3 Bb7 3. e3 e6 4. Be2 Be7 5. O-O d6 6. Nc3 Nd7 7. b3 Bf6 8. Bb2
h5 9. d3 d5 10. d4 Nh6 11. Ne5 Nf5 12. Qd2 Nxe5 13. dxe5 Be7 14. Nd1 c5 15.
Bb5+ Kf8 16. Bd3 g6 17. Bxf5 gxf5 18. a3 Rg8 19. Rf2 h4 20. Nc3 h3 21. g3 d4
22. exd4 cxd4 23. Nb5 Qd5 24. Nd6 Qh1# 0-1

[Event "34. Copenhagen Open (Politiken Cup)"]
[Site "Elsinore"]
[Date "2012.07.30"]
[Round "4"]
[White "Rasmussen, Lars"]
[Black "Haagen Larsen, Hans"]
[Result "1-0"]
[WhiteElo "1957"]
[BlackElo "1775"]
[PlyCount "47"]
[EventDate "2012.07.28"]
[EventType "swiss"]
[EventRounds "10"]
[EventCountry "DEN"]
[Source "ChessBase"]
[SourceDate "2012.08.24"]

1. e4 e6 2. d4 d5 3. Nd2 Nf6 4. e5 Nfd7 5. Bd3 c5 6. c3 Nc6 7. Ne2 f5 8. exf6
Nxf6 9. O-O Bd6 10. Nf3 O-O 11. dxc5 Bxc5 12. Bf4 Qb6 13. Qc2 e5 14. Nxe5 Nxe5
15. Bxe5 Bxf2+ 16. Rxf2 Ne4 17. Bd4 Nxf2 18. Bxb6 axb6 19. Bxh7+ Kh8 20. Rf1
Rxa2 21. Rxf2 Ra1+ 22. Nc1 Re8 23. Rf1 Bg4 24. Qg6 1-0

[Event "34. Copenhagen Open (Politiken Cup)"]
[Site "Elsinore"]
[Date "2012.07.30"]
[Round "4"]
[White "Rasmussen, Morten(1956)"]
[Black "Jensen, Simon Stibolt"]
[Result "1/2-1/2"]
[WhiteElo "1893"]
[BlackElo "1687"]
[PlyCount "43"]
[EventDate "2012.07.28"]
[EventType "swiss"]
[EventRounds "10"]
[EventCountry "DEN"]
[Source "ChessBase"]
[SourceDate "2012.08.24"]

1. d4 f5 2. g3 Nf6 3. Bg2 e6 4. Nf3 c5 5. O-O Nc6 6. c4 d5 7. cxd5 Nxd5 8. a3
Be7 9. dxc5 Bxc5 10. b4 Be7 11. Bb2 Bf6 12. Qb3 Bxb2 13. Qxb2 Qf6 14. Qxf6 Nxf6
15. Nbd2 O-O 16. Nc4 Nd5 17. Nfe5 Nce7 18. e4 fxe4 19. Bxe4 b6 20. Rfd1 Ba6 21.
Rac1 Rfd8 22. Nf3 1/2-1/2

[Event "34. Copenhagen Open (Politiken Cup)"]
[Site "Elsinore"]
[Date "2012.07.30"]
[Round "4"]
[White "Rendlev, Niels Moller"]
[Black "Mortensen, Henrik"]
[Result "1-0"]
[WhiteElo "1844"]
[BlackElo "2018"]
[PlyCount "131"]
[EventDate "2012.07.28"]
[EventType "swiss"]
[EventRounds "10"]
[EventCountry "DEN"]
[Source "ChessBase"]
[SourceDate "2012.08.24"]

1. g3 e5 2. Nf3 d6 3. d3 c5 4. c4 Nc6 5. Nc3 g6 6. Bg2 Bg7 7. O-O Nge7 8. a3
O-O 9. Bg5 h6 10. Bd2 f5 11. e3 Be6 12. b3 Qd7 13. Qc2 g5 14. e4 f4 15. Rab1 g4
16. Nh4 f3 17. Bh1 Nd4 18. Qc1 Kh7 19. Be3 Nec6 20. b4 Qf7 21. b5 Ne7 22. a4 b6
23. Qd2 Ng6 24. Nxg6 Kxg6 25. Rfc1 a6 26. Bxd4 exd4 27. Nd5 Bxd5 28. cxd5 axb5
29. Rxb5 Qc7 30. Qb2 Rfb8 31. Rc4 Ra6 32. h3 h5 33. Kh2 Be5 34. h4 Bg7 35. Qc1
Bh6 36. Qc2 Qd8 37. Qd1 Rb7 38. Qb3 Bd2 39. Qc2 Bc3 40. Qc1 Qf6 41. Rb1 Rba7
42. Qd1 Bb4 43. Ra1 b5 44. Rcc1 Rxa4 45. Rcb1 Bc3 46. Rxa4 bxa4 47. Rb8 a3 48.
Qb3 Bb4 49. Qc4 Ra5 50. Qa2 Qe7 51. Rg8+ Kf7 52. Rg5 Ke8 53. Rxh5 Kd8 54. Rg5
Qd7 55. Rg8+ Kc7 56. Rg5 Qa4 57. e5 Qd1 58. exd6+ Kb6 59. d7 Ra8 60. Rg6+ Kc7
61. d6+ Kb6 62. d8=Q+ Rxd8 63. d7+ Kc7 64. Qd5 Qa4 65. Qd6+ Kb7 66. Qb6+ 1-0

[Event "34. Copenhagen Open (Politiken Cup)"]
[Site "Elsinore"]
[Date "2012.07.30"]
[Round "4"]
[White "Romanov, Evgeny"]
[Black "Skjoldager, Mikael"]
[Result "1-0"]
[WhiteElo "2623"]
[BlackElo "2077"]
[PlyCount "47"]
[EventDate "2012.07.28"]
[EventType "swiss"]
[EventRounds "10"]
[EventCountry "DEN"]
[Source "ChessBase"]
[SourceDate "2012.08.24"]

1. e4 e5 2. Nf3 Nc6 3. Bb5 Nf6 4. d3 Bc5 5. O-O Nd4 6. Nxd4 Bxd4 7. c3 Bb6 8.
d4 c6 9. dxe5 cxb5 10. exf6 Qxf6 11. Na3 O-O 12. Nxb5 Qe5 13. Qd5 Re8 14. Nd6
Qxd5 15. exd5 Re2 16. Be3 Bxe3 17. fxe3 f6 18. b4 b5 19. a4 bxa4 20. Rxa4 Rxe3
21. c4 a5 22. Rxa5 Rxa5 23. bxa5 Ba6 24. Rb1 1-0

[Event "34. Copenhagen Open (Politiken Cup)"]
[Site "Elsinore"]
[Date "2012.07.30"]
[Round "4"]
[White "Rudolf, Anna"]
[Black "Taksrud, Vidar"]
[Result "1-0"]
[WhiteElo "2325"]
[BlackElo "2057"]
[PlyCount "71"]
[EventDate "2012.07.28"]
[EventType "swiss"]
[EventRounds "10"]
[EventCountry "DEN"]
[Source "ChessBase"]
[SourceDate "2012.08.24"]

1. e4 d5 2. exd5 Nf6 3. d4 Nxd5 4. c4 Nb6 5. Nf3 g6 6. Nc3 Bg7 7. c5 Nd5 8. Bc4
c6 9. O-O O-O 10. Re1 h6 11. Qb3 e6 12. Ne4 b5 13. Bf1 a5 14. a4 b4 15. Ne5 Ba6
16. Qh3 Bxf1 17. Kxf1 Ne7 18. Ng4 Nf5 19. Nxh6+ Nxh6 20. Bxh6 Bxh6 21. Qxh6
Qxd4 22. b3 Na6 23. Rad1 Qh8 24. Qf4 f5 25. Ng5 Nxc5 26. Nxe6 Nxe6 27. Rxe6 Rf6
28. Qc4 Rxe6 29. Qxe6+ Kh7 30. Rd7+ Kh6 31. Qe3+ Kh5 32. Qh3+ Kg5 33. f4+ Kf6
34. Qd3 Qe8 35. Qd4+ Ke6 36. Qd6# 1-0

[Event "34. Copenhagen Open (Politiken Cup)"]
[Site "Elsinore"]
[Date "2012.07.30"]
[Round "4"]
[White "Satre, Roger"]
[Black "Eriksson, Christian Altenburg"]
[Result "0-1"]
[WhiteElo "1866"]
[BlackElo "2106"]
[PlyCount "28"]
[EventDate "2012.07.28"]
[EventType "swiss"]
[EventRounds "10"]
[EventCountry "DEN"]
[Source "ChessBase"]
[SourceDate "2012.08.24"]

1. e4 c5 2. Nc3 Nc6 3. g3 g6 4. Bg2 Bg7 5. d3 d6 6. f4 Nf6 7. Nf3 Bg4 8. O-O
Nd4 9. h3 Nxf3+ 10. Bxf3 Bxh3 11. Re1 Qd7 12. Be3 Ng4 13. Qd2 Nxe3 14. Qxe3 Bd4
0-1

[Event "34. Copenhagen Open (Politiken Cup)"]
[Site "Elsinore"]
[Date "2012.07.30"]
[Round "4"]
[White "Schlecht, Daniel"]
[Black "Rostgaard, Tobias Valentin"]
[Result "1-0"]
[WhiteElo "2379"]
[BlackElo "2246"]
[PlyCount "67"]
[EventDate "2012.07.28"]
[EventType "swiss"]
[EventRounds "10"]
[EventCountry "DEN"]
[Source "ChessBase"]
[SourceDate "2012.08.24"]

1. d4 d5 2. c4 c6 3. Nc3 Nf6 4. e3 g6 5. Nf3 Bg7 6. Be2 O-O 7. O-O Bg4 8. cxd5
cxd5 9. Qb3 Bc8 10. Ne5 e6 11. Bd2 Qb6 12. Rfc1 Nfd7 13. Nd3 Nc6 14. Qa3 Qd8
15. Nb4 Ndb8 16. Nd3 Nd7 17. Qd6 Nb6 18. Qxd8 Rxd8 19. Rc2 Nc4 20. Be1 Bd7 21.
a4 Rac8 22. b3 Nd6 23. Rac1 a6 24. Kf1 Be8 25. Na2 f6 26. Nc5 Kf7 27. Bg4 f5
28. Be2 Rc7 29. Nd3 Rcc8 30. Nc5 Rc7 31. Bd2 Rdc8 32. Nd3 Bd7 33. Ba5 b6 34.
Bxb6 1-0

[Event "34. Copenhagen Open (Politiken Cup)"]
[Site "Elsinore"]
[Date "2012.07.30"]
[Round "4"]
[White "Schultz Pedersen, Jesper"]
[Black "Vesterli, Michael E"]
[Result "1-0"]
[WhiteElo "2172"]
[BlackElo "2029"]
[PlyCount "101"]
[EventDate "2012.07.28"]
[EventType "swiss"]
[EventRounds "10"]
[EventCountry "DEN"]
[Source "ChessBase"]
[SourceDate "2012.08.24"]

1. e4 c5 2. b4 cxb4 3. a3 e6 4. axb4 Bxb4 5. c3 Be7 6. d4 d6 7. Bd3 Nc6 8. Ne2
Nf6 9. O-O O-O 10. f4 Qb6 11. Kh1 Bd7 12. Nd2 Rac8 13. e5 Nd5 14. Nc4 Qc7 15.
exd6 Bxd6 16. Nxd6 Qxd6 17. Ba3 Qc7 18. Bxf8 Kxf8 19. Qd2 Na5 20. c4 Nxc4 21.
Bxc4 Qxc4 22. Rfc1 Qb3 23. Rxc8+ Bxc8 24. Qa5 Ke8 25. Qxa7 Qb6 26. Qxb6 Nxb6
27. Nc3 Nd5 28. Nxd5 exd5 29. Ra5 Be6 30. Rb5 Ke7 31. Rxb7+ Kf6 32. g3 Kf5 33.
Kg2 Ke4 34. Kf2 Kxd4 35. f5 Bxf5 36. Rxf7 Bg6 37. Rxg7 Ke5 38. Re7+ Kf6 39. Ra7
Kg5 40. Ke3 Kg4 41. Ra4+ Be4 42. Ra6 Kg5 43. Rd6 Kh5 44. Kf4 Bg6 45. Rxd5+ Kh6
46. h4 Bb1 47. g4 Kg7 48. Rd6 Bc2 49. Kg5 Be4 50. Rd7+ Kf8 51. Kf6 1-0

[Event "34. Copenhagen Open (Politiken Cup)"]
[Site "Elsinore"]
[Date "2012.07.30"]
[Round "4"]
[White "Skjoldager, Per"]
[Black "Aabling Thomsen, Jakob"]
[Result "0-1"]
[WhiteElo "2062"]
[BlackElo "2331"]
[PlyCount "56"]
[EventDate "2012.07.28"]
[EventType "swiss"]
[EventRounds "10"]
[EventCountry "DEN"]
[Source "ChessBase"]
[SourceDate "2012.08.24"]

1. e4 d6 2. Nf3 Nf6 3. Nc3 g6 4. d4 Bg7 5. h3 O-O 6. Be3 a6 7. Qd2 b5 8. a3 Bb7
9. Bd3 Nbd7 10. Bh6 c5 11. Bxg7 Kxg7 12. Qe3 cxd4 13. Qxd4 Qc7 14. O-O e5 15.
Qb4 Nc5 16. Rfe1 a5 17. Nxb5 Qb6 18. Qd2 Nfxe4 19. Qe2 Nxd3 20. Qxd3 Nxf2 21.
Qxd6 Nxh3+ 22. Kh2 Qxb5 23. Kxh3 Bxf3 24. gxf3 Rfe8 25. b4 Rad8 26. Qc7 Rc8 27.
c4 Qa6 28. b5 Qe6+ 0-1

[Event "34. Copenhagen Open (Politiken Cup)"]
[Site "Elsinore"]
[Date "2012.07.30"]
[Round "4"]
[White "Skou, Niels"]
[Black "Christensen, Esben"]
[Result "1-0"]
[WhiteElo "2150"]
[BlackElo "2023"]
[PlyCount "69"]
[EventDate "2012.07.28"]
[EventType "swiss"]
[EventRounds "10"]
[EventCountry "DEN"]
[Source "ChessBase"]
[SourceDate "2012.08.24"]

1. c4 Nf6 2. g3 g6 3. Bg2 c5 4. Nf3 Bg7 5. O-O O-O 6. Nc3 Nc6 7. d4 cxd4 8.
Nxd4 Nxd4 9. Qxd4 d6 10. Qd3 Rb8 11. Bf4 b6 12. Nb5 Nh5 13. Be3 Bf5 14. Qa3 a5
15. Nd4 Qd7 16. Nxf5 Qxf5 17. Rab1 Nf6 18. h3 Nd7 19. b4 Qc2 20. bxa5 bxa5 21.
Rxb8 Rxb8 22. Qxa5 Qxc4 23. Rc1 Qxe2 24. Qc7 Bb2 25. Rc2 Qd1+ 26. Kh2 Bd4 27.
Rd2 Qe1 28. Rxd4 Rb1 29. g4 Ne5 30. Rf4 Nd3 31. Qd8+ Kg7 32. Bd4+ e5 33. Qf6+
Kh6 34. g5+ Kh5 35. Bf3# 1-0

[Event "34. Copenhagen Open (Politiken Cup)"]
[Site "Elsinore"]
[Date "2012.07.30"]
[Round "4"]
[White "Skovle, Lars"]
[Black "Sjol, Henrik"]
[Result "0-1"]
[WhiteElo "1670"]
[BlackElo "1878"]
[PlyCount "108"]
[EventDate "2012.07.28"]
[EventType "swiss"]
[EventRounds "10"]
[EventCountry "DEN"]
[Source "ChessBase"]
[SourceDate "2012.08.24"]

1. e4 c5 2. Nf3 e6 3. Nc3 Nc6 4. Bb5 a6 5. Bxc6 bxc6 6. d4 d5 7. Be3 cxd4 8.
Qxd4 c5 9. Qe5 f6 10. Qh5+ g6 11. Qh4 d4 12. O-O-O Qa5 13. Nxd4 cxd4 14. Rxd4
Bb4 15. Nb1 Be7 16. Rhd1 Qxa2 17. f3 Rb8 18. b3 e5 19. Ra4 Qxa4 20. bxa4 f5 21.
Qe1 Nf6 22. Qa5 O-O 23. Qxe5 Rb7 24. Bd4 Rf7 25. Nc3 Ba3+ 26. Kd2 Rbe7 27. Qb8
Re8 28. Ra1 Bf8 29. e5 Rb7 30. Qa8 Rd7 31. Kd3 Bb7 32. Qxb7 Rxb7 33. exf6 Kf7
34. Rb1 Rxb1 35. Nxb1 Re1 36. Nd2 Bd6 37. Bf2 Ra1 38. Bd4 Rxa4 39. Nc4 Bxh2 40.
Nb6 Rb4 41. c3 Rxd4+ 42. cxd4 Kxf6 43. Kc4 h5 44. Nd7+ Ke7 45. Nc5 a5 46. Na6
h4 47. Kd5 Bd6 48. Kc6 a4 49. Nc5 Bxc5 50. dxc5 a3 51. Kb7 a2 52. c6 a1=Q 53.
c7 Qb2+ 54. Ka8 Kd7 0-1

[Event "34. Copenhagen Open (Politiken Cup)"]
[Site "Elsinore"]
[Date "2012.07.30"]
[Round "4"]
[White "Sorensen, Dick"]
[Black "Larsen, Peter"]
[Result "0-1"]
[WhiteElo "2023"]
[BlackElo "2206"]
[PlyCount "76"]
[EventDate "2012.07.28"]
[EventType "swiss"]
[EventRounds "10"]
[EventCountry "DEN"]
[Source "ChessBase"]
[SourceDate "2012.08.24"]

1. e4 c6 2. d4 d5 3. Nc3 dxe4 4. Nxe4 Nd7 5. Bc4 Ngf6 6. Ng3 Nb6 7. Bb3 e6 8.
Nf3 c5 9. c3 cxd4 10. cxd4 Bb4+ 11. Bd2 Qd6 12. O-O Bxd2 13. Qxd2 O-O 14. Rac1
Rd8 15. Rfd1 Bd7 16. h3 Bc6 17. Ne5 Bd5 18. Bxd5 Nbxd5 19. Qa5 h6 20. a3 Nd7
21. Ne4 Qb6 22. Qxb6 N7xb6 23. Nc5 Rab8 24. g3 Ne7 25. b4 Nf5 26. Nf3 Rdc8 27.
Rd3 Rc7 28. Kg2 Rbc8 29. Rcd1 Nd6 30. Ne5 Nd5 31. Rf3 b6 32. Nb3 Rc2 33. Rdd3
Ra2 34. Nd2 Rcc2 35. Nf1 Ne4 36. Rxf7 Nxf2 37. Kf3 Nxd3 38. Rxa7 Nxe5+ 0-1

[Event "34. Copenhagen Open (Politiken Cup)"]
[Site "Elsinore"]
[Date "2012.07.30"]
[Round "4"]
[White "Starostits, Ilmars"]
[Black "Burmakin, Vladimir"]
[Result "1/2-1/2"]
[WhiteElo "2494"]
[BlackElo "2590"]
[PlyCount "50"]
[EventDate "2012.07.28"]
[EventType "swiss"]
[EventRounds "10"]
[EventCountry "DEN"]
[Source "ChessBase"]
[SourceDate "2012.08.24"]

1. e4 c6 2. d4 d5 3. Nc3 dxe4 4. Nxe4 Bf5 5. Ng3 Bg6 6. h4 h6 7. Nf3 Nd7 8. h5
Bh7 9. Bd3 Bxd3 10. Qxd3 e6 11. Bf4 Qa5+ 12. Bd2 Qc7 13. O-O-O Ngf6 14. Ne4
O-O-O 15. g3 Nc5 16. Nxc5 Bxc5 17. c4 Qe7 18. Ba5 Bb6 19. Bc3 Ng4 20. Qe2 Rhe8
21. Nh4 Qg5+ 22. f4 Qxh5 23. Ng2 Qg6 24. Nh4 Qh5 25. Nf3 Qg6 1/2-1/2

[Event "34. Copenhagen Open (Politiken Cup)"]
[Site "Elsinore"]
[Date "2012.07.30"]
[Round "4"]
[White "Stolberg Rohr, Thomine"]
[Black "Vanheirzeele, Daniel"]
[Result "1/2-1/2"]
[WhiteElo "1991"]
[BlackElo "2145"]
[PlyCount "57"]
[EventDate "2012.07.28"]
[EventType "swiss"]
[EventRounds "10"]
[EventCountry "DEN"]
[Source "ChessBase"]
[SourceDate "2012.08.24"]

1. e4 c5 2. Nc3 d6 3. f4 g6 4. Nf3 Bg7 5. Bc4 Nc6 6. d3 e6 7. O-O Nge7 8. Qe1
Nd4 9. Nxd4 cxd4 10. Ne2 O-O 11. Bb3 a5 12. a4 Kh8 13. Ng3 f5 14. exf5 Nxf5 15.
Ne4 h6 16. Bd2 d5 17. Nf2 Ne3 18. Bxe3 dxe3 19. Qxe3 Bxb2 20. Rab1 Bg7 21. Ng4
Bd7 22. Ne5 Be8 23. Rf3 Qf6 24. Re1 h5 25. d4 Bh6 26. Nd3 b5 27. axb5 a4 28.
Ba2 Bxb5 29. Ne5 1/2-1/2

[Event "34. Copenhagen Open (Politiken Cup)"]
[Site "Elsinore"]
[Date "2012.07.30"]
[Round "4"]
[White "Svane, Rasmus"]
[Black "Merkesvik, Sondre"]
[Result "1-0"]
[WhiteElo "2367"]
[BlackElo "1892"]
[PlyCount "81"]
[EventDate "2012.07.28"]
[EventType "swiss"]
[EventRounds "10"]
[EventCountry "DEN"]
[Source "ChessBase"]
[SourceDate "2012.08.24"]

1. d4 Nf6 2. c4 g6 3. Nc3 Bg7 4. e4 c5 5. Nf3 O-O 6. Be2 d6 7. O-O Bg4 8. d5
Nbd7 9. Be3 Rb8 10. h3 Bxf3 11. Bxf3 a6 12. a4 b6 13. Be2 Ne8 14. Qd2 Nc7 15.
Rad1 Nf6 16. Kh1 Qe8 17. Bf4 Rd8 18. e5 dxe5 19. Bxe5 Ne4 20. Nxe4 Bxe5 21. f4
Bg7 22. a5 b5 23. b3 bxc4 24. bxc4 Bd4 25. f5 Qd7 26. Qh6 Bg7 27. Qh4 Bf6 28.
Qg4 Bd4 29. Qh4 Bf6 30. Qxf6 exf6 31. Nxf6+ Kg7 32. Nxd7 Rxd7 33. f6+ Kg8 34.
Rb1 Rd6 35. Rb6 Rfd8 36. Rfb1 Kf8 37. Rxd6 Rxd6 38. Rb8+ Ne8 39. Bd1 Rxf6 40.
Ba4 Rf1+ 41. Kh2 1-0